| 000 | 00824nam a22001935i 4500 | ||
|---|---|---|---|
| 001 | 159747 | ||
| 003 | ES-MaACL | ||
| 005 | 20251122063130.0 | ||
| 008 | 981103s1863 sp |||| | spa d | ||
| 040 |
_aCCPB | B _bspa _cCCPB | B |
||
| 100 | 1 |
_aMiraflores, Manuel Pando Fernández de Pinedo, _cMarqués de _9129966 |
|
| 245 | 1 | 0 |
_aReseña histórico-crítica de la participación de los partidos en los sucesos políticos de España en el siglo XIX / _cpor el Marqués de Miraflores, de la Academia de la Historia. |
| 260 |
_aMadrid : _b[s.n.], _c1863 ( _fImp. a cargo de D. A. Espinosa) |
||
| 300 |
_aX, 221 p. ; _c21 cm. |
||
| 650 | 4 |
_aPartidos políticos- _zEspaña- _yS.XIX. _9138923 |
|
| 651 | 7 |
_aEspaña- _xHistoria- _yS.XIX _2 _9142005 |
|
| 852 |
_aES-MaACL _jG-9807 _z-- Enc. hol. |
||
| 999 |
_c159747 _d159747 |
||